Participantes do Big Brother Brasil 24 - Statistics

Estatísticas Gerais
  • Esse quiz foi jogado 129 vezes
  • A pontuação média é 21 de 26
Estatísticas das Respostas
Participante % Correto
Davi Brito
98%
Alane Lima
94%
Wanessa Camargo
93%
Beatriz Reis
92%
Isabelle Nogueira
91%
Giovanna Viana (Pitel)
90%
Lucas Henrique
90%
Yasmin Brunet
89%
Fernanda Bande
88%
Vanessa Lopes
88%
Rodrigo Silva (Rodriguinho)
87%
Giovanna Lima
85%
Jefferson Lima (MC Bin Laden)
85%
Lucas Pizane
84%
Lucas Luigi
83%
Raquele Cardozo
80%
Deniziane Gomes
79%
Michel Nogueira
79%
Matteus Vargas
76%
Vinícius Rodrigues
76%
Nizam Hayek
75%
Leidy Elin Fonseca
73%
Antônio Carlos Junior (Juninho)
72%
Maycon Cosmer
70%
Marcus Vinicius Ferreira
62%
Thalyta Alves
57%
Nenhum quiz correspondente encontrado
Distribuição das Pontuações
Porcentagem de Pessoas com Cada Pontuação
Percentil de Números Respondidos
Sua Pontuação Histórica
Você não jogou esse quiz